Stanovenie hodnoty podnikov /
Salvato in:
| Autore principale: | |
|---|---|
| Altri autori: | , |
| Natura: | Libro |
| Lingua: | slovacco |
| Pubblicazione: |
Bratislava:
Spektrum STU,
2018
|
| Edizione: | 2. vyd. |
| Serie: | Edícia skrípt
|
| Soggetti: | |
| Tags: |
Nessun Tag, puoi essere il primo ad aggiungerne!!
|
MARC
| LEADER | 00000nam a22000003a 4500 | ||
|---|---|---|---|
| 001 | 0071591 | ||
| 003 | SK-STU | ||
| 005 | 20190827120810.4 | ||
| 007 | ta | ||
| 008 | 190208s ----xo-----e------000-0-----d | ||
| 020 | |a 978-80-227-4858-2 | ||
| 040 | |a STU |b slo | ||
| 041 | 0 | |a slo |h slo | |
| 044 | |a xo | ||
| 100 | 1 | |a Petráková, Zora, |d 1958- |u 010320 |4 aut |r Z1 |U SvF Stavebná fakulta |T SvF Ústav súdneho znalectva |X 755 |U V320|V300 |Y 35 |7 A000000755 | |
| 245 | 1 | 0 | |a Stanovenie hodnoty podnikov / |c aut. Zora Petráková ; rec. Milan Kubica, Milan Nič |
| 250 | |a 2. vyd. | ||
| 260 | |a Bratislava: |b Spektrum STU, |c 2018 | ||
| 300 | |a 67 s. | ||
| 490 | 0 | |a Edícia skrípt | |
| 650 | 0 | 7 | |a ohodnocovanie majetku |
| 650 | 0 | 7 | |a finančné zdroje |
| 650 | 0 | 7 | |a finančná analýza podniku |
| 700 | 1 | |a Kubica, Milan |4 rev | |
| 700 | 1 | |a Nič, Milan, |d 1946- |4 rev |X 732 |7 A000000732 | |
| 996 | |b 284V041027 |c V* 43750/S-19 |l VVT |s A |a 24 |w 0071591_0001 | ||
| 996 | |b 284V041028 |c V* 43751/S-19 |l VVS |s A |a 24 |w 0071591_0002 | ||